| 000 | 01070nmm a2200325 a 4500 | ||
|---|---|---|---|
| 001 | ocm0002146648 | ||
| 003 | TR-IsHL | ||
| 005 | 20201028183442.0 | ||
| 008 | 190402s2012 tu tur | ||
| 007 | cr cn | ||
| 020 | _a9786054627097 | ||
| 035 |
_a2146648 _b(N$T) |
||
| 050 | 0 | 4 |
_aLC67.T9 _bT873 2012 |
| 090 | 0 | 4 |
_aLC67.T9 _bT873 2012 |
| 100 | 1 | _aTural, Nejla Kurul | |
| 245 | 1 | 0 |
_aEğitim finansmanı _h[electronic resource] / _cNejla Kurul Tural |
| 250 | _aGenişletilmiş 2. baskı. | ||
| 260 |
_aAnkara : _bSiyasal Kitabevi, _c2012 |
||
| 300 | _a364 p. | ||
| 650 | 4 | _aEğitim | |
| 650 | 4 | _aEducation | |
| 650 | 0 |
_aEğitim _x Ekonomik açıdan _x Türkiye |
|
| 650 | 0 |
_aEducation _x Economic aspects _x Turkey |
|
| 650 | 0 |
_aEğitim planlaması _x Türkiye |
|
| 650 | 0 |
_aEducational planning _x Turkey |
|
| 650 | 0 |
_aEğitim ve devlet _x Türkiye |
|
| 650 | 0 |
_aEducation and state _x Turkey |
|
| 650 | 7 |
_aEDUCATION / Finance _2bisacsh |
|
| 856 | 4 | 0 | _uhttp://search.ebscohost.com/login.aspx?direct=true&scope=site&db=e011xww&AN=2146648 |
| 999 |
_c20545 _d20545 |
||